[Event "DDMM (Women)"]
[Site "Weilburg"]
[Date "1999.05.??"]
[Round "2.6"]
[White "Fromm, Karin"]
[Black "Verstraaten, Marion"]
[Result "1/2-1/2"]
[WhiteElo "1705"]
[BlackElo "1720"]
[PlyCount "46"]
[EventDate "1999.??.??"]
[EventType "team"]
[EventRounds "5"]
[EventCountry "GER"]
[SourceTitle "EXT 2002"]
[Source "ChessBase"]
[SourceDate "2001.11.25"]
[SourceVersion "1"]
[SourceVersionDate "2001.11.25"]
[SourceQuality "1"]

1. d4 c5 2. c3 cxd4 3. cxd4 g6 4. Nf3 Bg7 5. Bf4 d6 6. Nc3 Bg4 7. e3 Nf6 8. Be2 Nh5 9. Bg3 Nxg3 10. hxg3 a6 11. Ng5 Bxe2 12. Qxe2 h6 13. Nge4 Nd7 14. Rh4 Rc8 15. Qf3 Nf6 16. Nxf6+ Bxf6 17. Rh3 Qb6 18. 0-0-0 Qc6 19. Kb1 Qxf3 20. gxf3 e6 21. Ne4 Ke7 22. Rdh1 Bg7 23. Rc1 Kd7 1/2-1/2